Swan Peak : a Dave Robicheaux novel / James Lee Burke.
Detective Dave Robicheaux returns in another adventure--only this time, he travels from New Iberia Parish to the wilds of Montana to solve the mysterious murder of a University of Montana coed and her boyfriend.
Record details
- ISBN: 9781416548522
- ISBN: 1416548521
- Physical Description: 402 pages ; 25 cm.
- Publisher: New York : Simon & Schuster, ©2008.
Search for related items by subject
| Subject: | Robicheaux, Dave (Fictitious character). Private investigators > Louisiana > New Iberia > Fiction. Detective and mystery stories. Louisiana > Fiction. Montana > Fiction. |
Available copies
- 1 of 1 copy available at scottsboropl.
Holds
- 0 current holds with 1 total copy.
Other Formats and Editions
Show Only Available Copies
| Location | Call Number / Copy Notes | Barcode | Shelving Location | Status | Due Date |
|---|---|---|---|---|---|
| scottsboropl | F Bur | 32269000807647 | Adult - Fiction | Available | - |
| LDR | 01477pam a2200337 a 4500 | ||
|---|---|---|---|
| 001 | 121212 | ||
| 003 | SBPL | ||
| 005 | 20211018150104.0 | ||
| 008 | 080131s2008 nyu 000 1 eng | ||
| 010 | . | ‡a 2008004965 | |
| 020 | . | ‡a9781416548522 ‡q(hardcover) | |
| 020 | . | ‡a1416548521 ‡q(hardcover) | |
| 035 | . | ‡a(CONS)121212 | |
| 035 | . | ‡a(CPomAG)LMN438748 | |
| 043 | . | ‡an-us-la ‡an-us-mt | |
| 050 | 0 | 0. | ‡aPS3552.U723 ‡bS93 2008 |
| 082 | 0 | 0. | ‡a813/.54 ‡222 |
| 100 | 1 | . | ‡aBurke, James Lee, ‡d1936- |
| 245 | 1 | 0. | ‡aSwan Peak : ‡ba Dave Robicheaux novel / ‡cJames Lee Burke. |
| 260 | . | ‡aNew York : ‡bSimon & Schuster, ‡c©2008. | |
| 300 | . | ‡a402 pages ; ‡c25 cm. | |
| 520 | . | ‡aDetective Dave Robicheaux returns in another adventure--only this time, he travels from New Iberia Parish to the wilds of Montana to solve the mysterious murder of a University of Montana coed and her boyfriend. | |
| 650 | 0. | ‡aRobicheaux, Dave (Fictitious character). | |
| 650 | 0. | ‡aPrivate investigators ‡zLouisiana ‡zNew Iberia ‡vFiction. | |
| 650 | 0. | ‡aDetective and mystery stories. | |
| 651 | 0. | ‡aLouisiana ‡vFiction. | |
| 651 | 0. | ‡aMontana ‡vFiction. | |
| 901 | . | ‡a121212 ‡bUnknown ‡c121212 ‡tbiblio | |